[Event "HCL-E1550"]
[Site "www.playchess.de"]
[Date "2006.02.02"]
[Round "1"]
[White "Pijean"]
[Black "baggur"]
[WhiteElo "1714"]
[BlackElo "1631"]
[PlyCount "61"]
[Result "1-0"]

1.d4 {Hi again!!}  Nf6 {hello again}  2.Bg5 Ne4 
3.h4 Nxg5 4.hxg5 d5 5.c4 dxc4 6.e3 c5 7.g6 fxg6 
8.Bxc4 Qa5+ 9.Nc3 Nc6 10.Qf3 e6 11.Bd3 Ne7 12.Nge2 
Bd7 13.dxc5 Qxc5 14.Nf4 O-O-O 15.Rc1 Qb4 16.Rc2 
Kb8 17.a3 Qa5 18.Be4 Bc8 19.Ke2 Nf5 20.Nxg6 Rg8 
21.Rxh7 b6 22.Rh5 Ba6+ 23.Ke1 Bxa3 24.bxa3 Rdc8 
25.Qf4+ Rc7 26.Ne5 Kc8 27.Rxf5 exf5 28.Bxf5+ Kd8 
29.Qg5+ Ke8 30.Bg6+ Kf8 31.Qd8+ 1-0

[Event "HCL-C4112"]
[Site "www.playchess.de"]
[Date "2006.02.02"]
[Round "4"]
[White "JULIUS"]
[Black "Skipper_Robert"]
[WhiteElo "949"]
[BlackElo "1001"]
[PlyCount "81"]
[Result "1-0"]

1.Nf3 d5 2.d4 Nf6 3.Nc3 Bf5 4.Bf4 a6 5.e3 e6 6.Bd3 
Be7 7.Bxf5 exf5 8.O-O O-O 9.Qd3 g6 10.Bh6 Re8 
11.a3 Ng4 12.Bf4 Bh4 13.Nxh4 Qxh4 14.h3 Nf6 
15.Bxc7 Nbd7 16.Bg3 Qh5 17.Be5 Nxe5 18.dxe5 Rxe5 
19.Qd4 Rae8 20.Qb6 Qg5 21.Qxb7 a5 22.Nb5 Ne4 
23.Rad1 Nf6 24.Nc7 R8e7 25.Qa8+ Kg7 26.Nxd5 Nxd5 
27.Rxd5 Qf6 28.Rxe5 Qxe5 29.c3 f4 30.exf4 Qxf4 
31.Qxa5 Qd2 32.Qc5 Re2 33.b4 Re4 34.Qc6 Re5 35.a4 
Qe2 36.a5 Re6 37.Qa4 Qe4 38.a6 Re5 39.a7 Rg5 
40.a8Q Qxg2+ {komme ich leider zu spät}  41.Qxg2 
{?????????????}  1-0

[Event "HCL-B3638"]
[Site "www.playchess.de"]
[Date "2006.02.02"]
[Round "16"]
[White "Regicide"]
[Black "JMD"]
[WhiteElo "988"]
[BlackElo "1375"]
[PlyCount "66"]
[Result "0-1"]

1.e4 {Bonjour}  e5 {bonjour}  2.Nf3 Nf6 3.Nxe5 Qe7 
4.d4 d6 5.Bb5+ c6 6.Nxc6 {COMPOUNDING MY ERROR}  
bxc6 7.Be2 Nxe4 8.O-O d5 9.Nd2 Qh4 10.Nf3 Qf6 
11.c3 h6 12.Re1 Bd6 13.Bd3 Bf5 14.h3 O-O 15.g4 
Bxg4 16.hxg4 Ng5 17.Nxg5 hxg5 18.Kg2 a5 19.a4 Nd7 
20.Qc2 Qh6 21.Rh1 Qf6 22.Be3 g6 23.Rae1 Bf4 
24.Bxf4 gxf4 25.Rh3 Qg5 26.f3 Kg7 27.b4 Rfh8 28.b5 
Rxh3 29.Kxh3 Rh8+ 30.Kg2 Qh4 31.Kf1 Qh3+ 32.Ke2 
Qg3 33.bxc6 Rh2+ 0-1

[Event "HCL-M872"]
[Site "www.playchess.de"]
[Date "2006.02.02"]
[Round "12"]
[White "Grabanzito"]
[Black "Ezechiel"]
[WhiteElo "1733"]
[BlackElo "1786"]
[PlyCount "67"]
[Result "1-0"]

1.e4 {Hallo aus Köln und viel Erfolg}  e6 {Viel 
Spass beim Match und Gruesse aus Heidelberg bzw. 
Mannheim}  2.d3 g6 3.Nf3 Bg7 4.g3 Ne7 5.Bg2 b6 
6.O-O O-O 7.Nbd2 Bb7 8.c3 d5 9.e5 Nd7 10.Re1 c5 
11.Nf1 h6 12.h3 Nc6 13.d4 cxd4 14.cxd4 Qc7 15.Bf4 
b5 16.Rc1 a5 17.N1h2 Qb6 18.Ng4 g5 19.Be3 Nb4 
20.a3 Nc6 21.h4 h5 {This doesn't look good to me 
... not at all :-(}  22.Nxg5 {warum schreibst du 
mir denn in Englisch ? Mal sehen ob die Löcher in 
der Königsstellung Kompensation genug sind}  hxg4 
{Reflex - ich hatte vorher gerade mehrere Zuege 
gemacht und alle Kommentare auf Englisch 
geschrieben. 
Und: Ja , die Koenigsstellung sieht grauenhaft aus 
:-(}  23.Qxg4 Rfe8 24.Qh5 Re7 25.Qh7+ Kf8 26.h5 
Nxd4 27.Nf3 Nxf3+ 28.Bxf3 Nxe5 29.Bxb6 Nxf3+ {The 
compensation is probaly to little :-(}  30.Kf1 
Nxe1 31.Kxe1 Bxb2 32.Bc5 Ke8 33.Rc2 Bxa3 
34.Bxa3 1-0

[Event "HCL-B3697"]
[Site "www.playchess.de"]
[Date "2006.02.02"]
[Round "9"]
[White "Regicide"]
[Black "mrchess"]
[WhiteElo "921"]
[BlackElo "1411"]
[PlyCount "88"]
[Result "0-1"]

1.e4 {Maybe 7th. time lucky....}  c5 {good luck}  
2.e5 Nc6 3.Qe2 Nd4 4.Qd3 Qc7 5.Nf3 Nxf3+ 6.Qxf3 
Qxe5+ 7.Be2 Nf6 8.c3 d6 9.d3 Bg4 10.Qe3 Qxe3 
11.Bxe3 Bxe2 12.Kxe2 e5 13.Rd1 Ng4 14.h3 Nf6 15.g4 
Be7 16.Rg1 Nd5 17.c4 Nxe3 18.fxe3 O-O 19.Nc3 a6 
20.Nd5 Bd8 21.Rg2 b5 22.Rh1 bxc4 23.dxc4 a5 24.a4 
Rb8 25.Rb1 Rb3 26.Rh2 Bg5 27.h4 Bd8 28.g5 f5 
29.gxf6 Bxf6 30.Nc7 Rfb8 31.Kf3 R8b4 32.Nd5 Rxc4 
33.Rd1 Rxa4 34.Rg2 Bxh4 35.Rdg1 g6 36.R2g4 Rxg4 
37.Rxg4 Bd8 38.Rg2 Rd3 39.Nc3 c4 40.Ke4 Bf6 41.Nd5 
Kf7 42.b3 Bg5 43.Rxg5 Rxb3 44.Nf6 
Kxf6 0-1

[Event "HCL-B3801"]
[Site "www.playchess.de"]
[Date "2006.02.02"]
[Round "10"]
[White "ariel1978"]
[Black "Snillie"]
[WhiteElo "1332"]
[BlackElo "1467"]
[PlyCount "43"]
[Result "1-0"]

1.c4 e5 2.Nc3 Nf6 3.e3 c6 4.d4 exd4 5.exd4 d5 
6.Nf3 Bg4 7.cxd5 Nxd5 8.Be2 Bb4 9.Bd2 O-O 10.O-O 
Nf6 11.Bg5 Nbd7 12.h3 Bf5 13.Bd3 Bxd3 14.Qxd3 h6 
15.Bh4 Qc7 16.Ne4 Nxe4 17.Qxe4 Rae8 18.Qg4 Re2 
19.Ne5 Rxe5 20.dxe5 Ba5 21.Bg3 Qb6 
22.Qxd7 1-0

[Event "HCL-B3801"]
[Site "www.playchess.de"]
[Date "2006.02.02"]
[Round "7"]
[White "Snillie"]
[Black "eisbaer17"]
[WhiteElo "1467"]
[BlackElo "1210"]
[PlyCount "75"]
[Result "1-0"]

1.c4 g6 2.g3 Bg7 3.Bg2 Nc6 4.Nc3 Bxc3 5.bxc3 d6 
6.Rb1 Nf6 7.Nf3 O-O 8.O-O Be6 9.d3 Qd7 10.Re1 Rab8 
11.e4 Bg4 12.Be3 e6 13.h3 Bxf3 14.Bxf3 Ne5 15.Bg2 
b6 16.f4 Nc6 17.Qf3 Nh5 18.g4 Ng7 19.g5 Ne7 20.d4 
a5 21.Rb2 Nc6 22.e5 Ne7 23.Reb1 d5 24.cxd5 Nxd5 
25.Bd2 Nf5 26.Bf1 c6 27.Bc4 b5 28.Bxd5 exd5 29.Kf2 
Nh4 30.Qg4 Nf5 31.h4 Qe6 32.h5 Rb7 33.Rh1 f6 
34.gxf6 Rff7 35.hxg6 hxg6 36.Qxg6+ Ng7 37.Qh7+ Kf8 
38.Qh8+ 1-0

[Event "HCL-C4136"]
[Site "www.playchess.de"]
[Date "2006.02.02"]
[Round "5"]
[White "Ulpe"]
[Black "nichju"]
[WhiteElo "1583"]
[BlackElo "1138"]
[PlyCount "63"]
[Result "1-0"]

1.e4 e5 2.Nf3 d6 3.Bc4 Nf6 4.Nc3 Nc6 5.Ng5 Be6 
6.Nxe6 fxe6 7.Bxe6 Nd4 8.Bh3 d5 9.exd5 Nxd5 
10.Qh5+ g6 11.Qxe5+ Qe7 12.Qxe7+ Nxe7 13.Kd1 Bg7 
14.Re1 Bf6 15.Nd5 Rd8 16.Nxf6+ Kf7 17.Ne4 h5 18.c3 
Nb5 19.d4 b6 20.Ng5+ Ke8 21.Ne6 Rd5 22.a4 Nd6 
23.Nxc7+ Kd8 24.Nxd5 Nxd5 25.Bg5+ Kc7 26.c4 Nxc4 
27.Rc1 Nc3+ 28.Rxc3 Rf8 29.Rxc4+ Kb7 30.Re7+ Ka6 
31.b4 Rxf2 32.Bc8+ 1-0

[Event "HCL-C4136"]
[Site "www.playchess.de"]
[Date "2006.02.02"]
[Round "9"]
[White "Skipper_Robert"]
[Black "chimiel"]
[WhiteElo "999"]
[BlackElo "1562"]
[PlyCount "47"]
[Result "1-0"]

1.Nf3 d6 2.e4 Nf6 3.Nc3 Nbd7 4.Bc4 e5 5.Ng5 Be7 
6.Nxf7 O-O 7.Nxd8+ Kh8 8.Ne6 b6 9.Nxc7 Rb8 10.Ne6 
Re8 11.d3 Nc5 12.Nxc5 dxc5 13.h3 Bd7 14.Be3 Rbd8 
15.Qe2 Bd6 16.Bg5 Ref8 17.Nd5 Bc6 18.Qe3 Bxd5 
19.exd5 Rde8 20.O-O-O Nd7 21.Bb5 Rf7 22.Rhf1 h6 
23.Bxh6 gxh6 24.Qxh6+ 1-0

[Event "HCL-C4127"]
[Site "www.playchess.de"]
[Date "2006.02.02"]
[Round "1"]
[White "Tribun"]
[Black "Skipper_Robert"]
[WhiteElo "715"]
[BlackElo "958"]
[PlyCount "70"]
[Result "0-1"]

1.e4 d6 {wenn keener mit dir spielt, mach ick dit 
mal}  2.Nf3 {jut dann ma los}  f5 3.Bc4 e6 {muss 
ja Pinguine gucken}  4.exf5 {das war gestern 
!!!!!!!!!!!!!!}  d5 {holy shit, seh ich auch 
gerade}  5.Bd3 Qf6 6.O-O g6 7.fxe6 Bxe6 8.Re1 Bc5 
9.Nc3 c6 10.Qe2 Kf7 11.Ne5+ Ke7 12.Qf3 Qxf3 
13.Nxf3 Nd7 14.Ng5 Nf8 15.a3 Re8 16.b4 {HEY!-Die 
Pferde Im Stall}  Bd4 {sieht komisch aus, kann 
nicht gut sein}  17.Bb2 Nf6 18.Nf3 Bb6 19.Nd1 N8d7 
20.Bd4 c5 21.Bb5 cxd4 22.Bxd7 Kxd7 23.d3 h6 
24.Ne5+ Kd8 25.Nb2 Bc7 26.Nf3 g5 27.Nxd4 Bd7 
28.Nf3 g4 29.Nd2 Nh5 30.Red1 Nf4 31.Nf3 {2 LITER 
Bier!!! nicht mehr können,wolle 1/2 halbe ??}  
Ne2+ {das ist ja nun keine gute Ausrede!}  32.Kf1 
{schade!!!!!!!!! gute Nacht}  gxf3 33.Rd2 Rhg8 {na 
Suffkopp}  34.Nd1 {ulps!!!}  fxg2+ 35.Ke1 g1R+ 
{such dir mal noch ein offenes Turnier, ich komme 
dann da rein}  0-1

[Event "HCL-E1546"]
[Site "www.playchess.de"]
[Date "2006.02.02"]
[Round "31"]
[White "Harijs"]
[Black "XANDERKIRV"]
[WhiteElo "1832"]
[BlackElo "1472"]
[PlyCount "65"]
[Result "1-0"]

1.d4 {hi}  d5 {Hello and good luck.}  2.c4 e6 
3.Nc3 c6 4.Nf3 dxc4 5.a4 Nf6 6.e3 Bb4 7.Bxc4 O-O 
8.O-O Nbd7 9.Bd2 a5 10.h3 h6 11.Qc2 Ne8 12.Ne4 
Bxd2 13.Nfxd2 Ndf6 14.Rac1 Nxe4 15.Qxe4 Nd6 16.Qe5 
Nxc4 17.Nxc4 Qd5 18.Qf4 Qg5 19.Qxg5 hxg5 20.f4 
gxf4 21.Rxf4 g6 22.Rf6 Bd7 23.Ne5 Be8 24.Rcf1 Rd8 
25.Nxg6 fxg6 26.R6xf8+ Kg7 27.Kh2 b5 28.b3 bxa4 
29.bxa4 Rb8 30.R8f6 Kh6 31.Rxe6 Bd7 32.Re7 Bf5 
33.e4 1-0

[Event "HCL-E1564"]
[Site "www.playchess.de"]
[Date "2006.02.02"]
[Round "14"]
[White "ippuli"]
[Black "XANDERKIRV"]
[WhiteElo "1579"]
[BlackElo "1468"]
[PlyCount "45"]
[Result "1-0"]

1.e4 {Hello... good luck!}  c5 {Hi and good luck.} 
 2.d4 {I'll need it! ;-)}  cxd4 3.c3 dxc3 4.Bc4 
cxb2 5.Bxb2 e6 6.Nf3 h6 7.O-O a6 8.Nc3 b5 9.Bd3 d6 
10.Qe2 Bb7 11.Rfd1 e5 12.Nxe5 Qc7 13.Ng4 Be7 
14.Nd5 Bxd5 15.exd5 f6 16.Bg6+ Kd8 17.Rac1 Qa5 
18.Qe6 Nd7 19.Qf7 Nc5 20.Qe8+ Kc7 21.Qxa8 h5 
22.Bf5 hxg4 23.Qa7+ {Mate in one! :-)} 
 1-0

[Event "HCL-A2553"]
[Site "www.playchess.de"]
[Date "2006.02.02"]
[Round "2"]
[White "scaper"]
[Black "superyetkin"]
[WhiteElo "1335"]
[BlackElo "1311"]
[PlyCount "77"]
[Result "1-0"]

1.d4 b6 2.Nf3 Bb7 3.c4 Bxf3 4.exf3 Nc6 5.d5 Ne5 
6.f4 Ng6 7.g3 e6 8.Bg2 exd5 9.Qxd5 c6 10.Qd3 Bb4+ 
11.Nc3 Bxc3+ 12.Qxc3 Qf6 13.Qxf6 Nxf6 14.b4 O-O 
15.O-O d5 16.cxd5 Nxd5 17.Bxd5 cxd5 18.Re1 Rfe8 
19.Bd2 Re4 20.f3 Re7 21.b5 Rae8 22.Kf2 R7xe1 
23.Rxe1 Rxe1 24.Bxe1 f6 25.Ke3 Kf7 26.Kd4 Ke6 
27.Bc3 Ne7 28.g4 g6 29.Bb4 Nc8 30.f5+ gxf5 
31.gxf5+ Kd7 32.Kxd5 a5 33.Bc3 Na7 34.a4 h6 
{(offering draw) that's a draw!}  35.Bxf6 {sorry, 
i can´t accept, i wanna win our game. you should 
have taken f5 ... :)}  h5 36.Bb2 Ke7 {(offering 
draw)}  37.f6+ {sorry for declining, but i wanna 
win this game.}  Kd7 {(offering draw) ok try}  
38.Ba3 Ke8 39.Ke6 1-0

[Event "HCL-A2565"]
[Site "www.playchess.de"]
[Date "2006.02.02"]
[Round "13"]
[White "Maahinen"]
[Black "SMLooking"]
[WhiteElo "1691"]
[BlackElo "1460"]
[PlyCount "52"]
[Result "0-1"]

1.d4 {Good luck from Ottawa, Canada!}  d5 2.c4 
dxc4 3.e3 Nf6 4.Bxc4 Bg4 5.Qb3 e6 6.f3 Bh5 7.Qxb7 
Nbd7 8.Ne2 Bd6 9.O-O O-O 10.Nbc3 Qe7 11.Qc6 Rab8 
12.Bd3 Rb6 13.Qa4 a6 14.Qc2 Bg6 15.Bxg6 hxg6 16.e4 
Bb4 17.e5 Nd5 18.Nxd5 exd5 19.a3 Bc5 20.dxc5 Rc6 
21.b4 Qxe5 22.Bb2 Qe3+ 23.Kh1 Qg5 24.Nd4 Rf6 
25.Rae1 c6 26.Ne6 Rxe6 0-1

[Event "HCL-C4103"]
[Site "www.playchess.de"]
[Date "2006.02.02"]
[Round "1"]
[White "nichju"]
[Black "Grunert"]
[WhiteElo "1019"]
[BlackElo "993"]
[PlyCount "51"]
[Result "1-0"]

1.e4 {Hallo und viel Glück}  e5 {Gleichfalls!}  
2.Nf3 d6 3.d4 exd4 4.Nxd4 Bd7 5.Nc3 g6 6.Bc4 Bg7 
7.Nd5 Bc6 8.Nxc6 Nxc6 9.Nf4 Qe7 10.Qe2 Nf6 11.Nd5 
Nxd5 12.exd5 Qxe2+ 13.Kxe2 O-O 14.dxc6 bxc6 15.Re1 
Rfe8+ 16.Kf1 Rxe1+ 17.Kxe1 Re8+ 18.Kf1 c5 19.c3 a5 
20.a3 Re4 21.Bd3 Re6 22.Bd2 Re5 23.Re1 Rd5 24.Re8+ 
Bf8 25.Bh6 Rxd3 26.Rxf8+ 1-0

[Event "HCL-A2592"]
[Site "www.playchess.de"]
[Date "2006.02.02"]
[Round "10"]
[White "torbalan"]
[Black "Macko"]
[WhiteElo "1279"]
[BlackElo "1823"]
[PlyCount "32"]
[Result "0-1"]

1.e4 Nc6 2.d4 d5 3.e5 a6 4.h3 Bf5 5.Bd3 Nxd4 
6.Bxf5 Nxf5 7.g4 Nh4 8.Rh2 e6 9.a3 f6 10.exf6 Qxf6 
11.Nc3 Qe5+ 12.Qe2 Qxh2 13.Nf3 Qh1+ 14.Qf1 Nxf3+ 
15.Ke2 Nd4+ 16.Kd2 Qxf1 0-1

[Event "HCL-B3822"]
[Site "www.playchess.de"]
[Date "2006.02.02"]
[Round "13"]
[White "joleti"]
[Black "Regicide"]
[WhiteElo "1764"]
[BlackElo "1015"]
[PlyCount "25"]
[Result "1-0"]

1.e4 e5 2.Nf3 Nc6 3.Bb5 Nb4 4.c3 Nc6 5.d4 a6 6.Ba4 
b5 7.Bb3 Nf6 8.O-O Bd6 9.a4 Be7 10.axb5 Bb7 
11.bxc6 Bxc6 12.Nxe5 Bxe4 13.Nxf7 1-0

[Event "HCL-C4136"]
[Site "www.playchess.de"]
[Date "2006.02.02"]
[Round "8"]
[White "nichju"]
[Black "Skipper_Robert"]
[WhiteElo "1138"]
[BlackElo "999"]
[PlyCount "65"]
[Result "1-0"]

1.e4 {Hallo und auf ein Neues}  e5 {viel Spaß!}  
2.Nf3 Qf6 3.Bc4 h6 4.Nc3 c6 5.d4 d6 6.dxe5 dxe5 
7.O-O Bc5 8.Be3 Bxe3 9.fxe3 Qe7 10.Na4 Nf6 11.Qd3 
O-O 12.Nh4 Ng4 13.Ng6 Qg5 14.Nxf8 Kxf8 15.Rxf7+ 
Ke8 16.Rc7 Bd7 17.Nc5 Qh4 18.Bf7+ Kxf7 19.Rf1+ Kg6 
20.Qd6+ Kh7 21.h3 Nxe3 22.Rf3 Qe1+ 23.Kh2 b6 
24.Nxd7 Nf1+ 25.Rxf1 Qxf1 26.Nf8+ Kg8 27.Qe6+ Kh8 
28.Ng6+ Kh7 29.Rc8 Qf6 30.Nf8+ Kh8 31.Nd7+ Kh7 
{klasse Partie, Gratulation}  32.Nxf6+ {Ebenfalls, 
danke}  gxf6 33.Qg8+ 1-0

[Event "HCL-A2573"]
[Site "www.playchess.de"]
[Date "2006.02.02"]
[Round "11"]
[White "Andy1"]
[Black "M45"]
[WhiteElo "1488"]
[BlackElo "1426"]
[PlyCount "30"]
[Result "0-1"]

1.e4 c5 2.Nf3 g6 3.d4 cxd4 4.Nxd4 Nc6 5.c3 Nf6 
6.Bd3 Bg7 7.O-O O-O 8.Re1 d6 9.Nxc6 bxc6 10.h3 Rb8 
11.Qa4 Qc7 12.Be3 Rxb2 13.Bxa7 Bd7 14.Qa3 Qb7 
15.Nd2 Rxd2 0-1

[Event "HCL-C4098"]
[Site "www.playchess.de"]
[Date "2006.02.02"]
[Round "5"]
[White "nichju"]
[Black "newplayer"]
[WhiteElo "1010"]
[BlackElo "1055"]
[PlyCount "116"]
[Result "0-1"]

1.e4 {Hello again and good luck}  d5 {thanks 
gleichfalls}  2.exd5 Qxd5 3.Nc3 Qe5+ 4.Be2 Nc6 
5.Nf3 Qd6 6.d4 Qd8 7.Bc4 Bg4 8.d5 Ne5 9.Be2 Bxf3 
10.Bxf3 Nxf3+ 11.Qxf3 Qd6 12.Bf4 Qb4 13.b3 O-O-O 
14.O-O Nf6 15.Rfd1 h6 16.a3 Qc5 17.b4 Qb6 18.Be3 
Qa6 19.b5 Qa5 20.Bf4 g5 21.Be5 g4 22.Qf5+ Kb8 
23.Bxf6 exf6 24.Qxf6 Bxa3 25.d6 cxd6 26.Nd5 h5 
27.Qxf7 h4 28.Rxa3 Qxa3 29.Qc7+ Ka8 30.b6 a6 
31.Ne7 Rhe8 32.Kf1 Qc5 33.Qxc5 dxc5 34.Rxd8+ Rxd8 
35.Nf5 h3 36.gxh3 gxh3 37.f4 Rd2 38.Kg1 Rxc2 
39.Ne3 Rb2 40.f5 Rxb6 41.Nd5 Rd6 42.Nc7+ Kb8 
43.Ne8 Rd8 44.Ng7 c4 45.f6 Rf8 46.Nh5 c3 47.Nf4 c2 
48.Ne2 Rxf6 49.Nc1 Rg6+ 50.Kf2 Rg2+ 51.Kf3 Rxh2 
52.Nd3 Rd2 53.Nc5 c1Q 54.Ne4 Rd8 55.Nc5 h2 
56.Nxa6+ bxa6 57.Kg3 h1Q 58.Kg4 
Qcf1 0-1

[Event "HCL-C4099"]
[Site "www.playchess.de"]
[Date "2006.02.02"]
[Round "9"]
[White "Ulpe"]
[Black "ivofle"]
[WhiteElo "1559"]
[BlackElo "818"]
[PlyCount "43"]
[Result "1-0"]

1.e4 e5 2.Nf3 Nc6 3.Bb5 Nge7 4.O-O g6 5.c3 Bg7 
6.d4 O-O 7.d5 a6 8.Be2 Na5 9.b4 b6 10.bxa5 bxa5 
11.d6 cxd6 12.Qxd6 Bb7 13.Nbd2 Rc8 14.Ba3 Kh8 
15.Qxe7 Qc7 16.Bd6 Qxc3 17.Rab1 a4 18.Rxb7 h6 
19.Bc4 Kh7 20.Bxf7 Qd3 21.Bxg6+ Kxg6 
22.Qxd7 1-0

[Event "HCL-C4136"]
[Site "www.playchess.de"]
[Date "2006.02.02"]
[Round "4"]
[White "dg"]
[Black "Ulpe"]
[WhiteElo "1212"]
[BlackElo "1583"]
[PlyCount "58"]
[Result "0-1"]

1.e4 {hi}  c5 2.Nf3 d6 3.Bc4 Nf6 4.d3 Nc6 5.Nc3 e6 
6.h3 Be7 7.O-O O-O 8.a3 a6 9.d4 d5 10.exd5 exd5 
11.Ba2 c4 12.Ne5 Re8 13.Nxc6 bxc6 14.Re1 Bf5 
15.Be3 Rb8 16.Rb1 Bd6 17.Na4 Ne4 18.c3 Qh4 19.Qf3 
Bg6 20.Rbc1 f5 21.Bb1 f4 22.Bxe4 Bxe4 23.Qg4 Qxg4 
24.hxg4 fxe3 25.Rxe3 Bf4 26.Rxe4 Bxc1 27.Rxe8+ 
Rxe8 28.Kf1 Kf7 29.f3 Kf6 0-1

[Event "ACL-E212"]
[Site "www.playchess.de"]
[Date "2006.02.02"]
[Round "5"]
[White "ETC_Chess"]
[Black "WKU_Topper"]
[WhiteElo "1936"]
[BlackElo "1819"]
[PlyCount "33"]
[Result "1/2-1/2"]

1.Nf3 {Hello and good luck!}  d5 {Hello and good 
luck to you too!}  2.c4 Nf6 3.g3 g6 4.Bg2 Bg7 
5.O-O O-O 6.Nc3 d4 7.Na4 Re8 8.d3 e5 9.b4 e4 
10.dxe4 Nxe4 11.Bb2 c5 12.bxc5 Nc6 13.Qb3 Na5 
14.Qb4 Nc6 15.Qb3 Na5 16.Qb4 Nc6 
17.Qb3 1/2-1/2

[Event "HCL-C4090"]
[Site "www.playchess.de"]
[Date "2006.02.02"]
[Round "6"]
[White "tbouma"]
[Black "epenz"]
[WhiteElo "1141"]
[BlackElo "952"]
[PlyCount "91"]
[Result "1-0"]

1.d4 d5 2.Bf4 Nf6 3.e3 Nc6 4.c3 e6 5.Nf3 Bd6 
6.Bxd6 Qxd6 7.Bd3 O-O 8.O-O Bd7 9.Nbd2 e5 10.Qc2 
e4 11.Nxe4 dxe4 12.Bxe4 Rfe8 13.Bd3 a6 14.e4 Qf8 
15.e5 Nh5 16.Bxh7+ Kh8 17.Bf5 Bxf5 18.Qxf5 g6 
19.Qh3 Kg8 20.g4 Nf4 21.Qh4 Qg7 22.Ng5 Na5 23.Rfe1 
Nc4 24.b3 Na3 25.Re4 Ne6 26.d5 Nxg5 27.Qxg5 Nb5 
28.c4 Na7 29.Rae1 Rad8 30.Qf6 Qxf6 31.exf6 Rxe4 
32.Rxe4 Kf8 33.h4 Re8 34.Re3 Nc8 35.Kg2 c6 
36.Rxe8+ Kxe8 37.h5 Nd6 38.h6 Kf8 39.Kf3 Kg8 40.g5 
Nf5 41.Kf4 a5 42.Ke5 Kh8 43.d6 Nxd6 44.Kxd6 Kg8 
45.Kc7 b5 46.Kxc6 1-0

[Event "HCL-C4136"]
[Site "www.playchess.de"]
[Date "2006.02.02"]
[Round "7"]
[White "Skipper_Robert"]
[Black "dg"]
[WhiteElo "999"]
[BlackElo "1212"]
[PlyCount "51"]
[Result "1-0"]

1.e4 e5 2.Nf3 d6 3.Bc4 h6 4.d4 f6 5.d5 b6 6.Be3 
Bb7 7.Nc3 Nd7 8.Nh4 Ne7 9.Nf5 Nxf5 10.exf5 Qe7 
11.Ne4 O-O-O 12.O-O h5 13.h4 Nc5 14.Bxc5 dxc5 
15.c3 Qd7 16.Qb3 Bxd5 17.Rad1 c6 18.Ba6+ Kb8 
19.Bc4 Qf7 20.a4 Be7 21.Nd2 Bxc4 22.Nxc4 b5 
23.axb5 cxb5 24.Qxb5+ Ka8 25.Na5 Bf8 
26.Rxd8+ 1-0

[Event "HCL-B3703"]
[Site "www.playchess.de"]
[Date "2006.02.02"]
[Round "10"]
[White "Tofik"]
[Black "lasker"]
[WhiteElo "1375"]
[BlackElo "1200"]
[PlyCount "84"]
[Result "0-1"]

1.e4 {hi, have a nice game!}  e5 {hello}  2.f4 d6 
3.Bc4 Nf6 4.fxe5 dxe5 5.Nf3 Nxe4 6.Qe2 Nd6 7.Qxe5+ 
Qe7 8.Qxe7+ Bxe7 9.Bb3 Nc6 10.d4 Bg4 11.O-O Bxf3 
12.Rxf3 Nxd4 13.Rd3 Ne2+ 14.Kf2 Nxc1 15.Re3 Nxb3 
16.axb3 Nf5 17.Re5 g6 18.Nc3 f6 19.Re4 Kf7 20.Rae1 
c6 21.g4 Bc5+ 22.Kf1 Nd4 23.Na4 b6 24.b4 Nxc2 
25.Rc1 Nxb4 26.Nxc5 bxc5 27.Rxc5 a5 28.Kg2 Rhe8 
29.Rxe8 Rxe8 30.Rxa5 Re2+ 31.Kg3 Rxb2 32.Kh4 g5+ 
33.Kh3 Nd3 34.Kg3 c5 35.h4 gxh4+ 36.Kxh4 Rb7 
37.Ra3 c4 38.Rc3 Rc7 39.Kh5 Rc5+ 40.Kh4 Kg6 41.Kg3 
Nb4 42.Kh4 Nd5 0-1

[Event "HCL-C4082"]
[Site "www.playchess.de"]
[Date "2006.02.02"]
[Round "9"]
[White "epenz"]
[Black "Little_Liberty"]
[WhiteElo "1024"]
[BlackElo "1391"]
[PlyCount "54"]
[Result "0-1"]

1.e4 e5 2.Nf3 Nc6 3.Nc3 Nf6 4.d3 Bc5 5.h3 d5 
6.exd5 Nxd5 7.Be2 Nxc3 8.bxc3 O-O 9.O-O h6 10.Re1 
Re8 11.Bf1 Bf5 12.Be3 Qe7 13.Bxc5 Qxc5 14.c4 Rad8 
15.a4 a6 16.Rb1 b6 17.Qd2 Nd4 18.Nxd4 exd4 
19.Rxe8+ Rxe8 20.g4 Bd7 21.f4 Bxa4 22.Kg2 Bc6+ 
23.Kg3 Re3+ 24.Kh2 Qd6 25.Qf2 Rf3 26.Qd2 Rxf4 
27.Re1 Rxf1+ 0-1

[Event "HCL-C4127"]
[Site "www.playchess.de"]
[Date "2006.02.02"]
[Round "4"]
[White "Tribun"]
[Black "epenz"]
[WhiteElo "715"]
[BlackElo "980"]
[PlyCount "45"]
[Result "1-0"]

1.e4 e5 2.Nf3 Nc6 3.Nc3 Bb4 4.Nd5 Nf6 5.a3 Ba5 
6.Bc4 O-O 7.O-O Nxd5 8.Bxd5 d6 9.d3 h6 10.Be3 Ne7 
11.c3 c6 12.Bb3 d5 13.Nxe5 Qd6 14.d4 Bc7 15.Qf3 
Qe6 16.Qh5 Bxe5 17.exd5 cxd5 18.Qf3 Bf6 19.Rae1 
Qd6 20.Bc2 Be6 21.Qd1 b5 22.Qd3 a6 
23.Qh7+ 1-0

[Event "HCL-C4089"]
[Site "www.playchess.de"]
[Date "2006.02.02"]
[Round "9"]
[White "newplayer"]
[Black "mnonato"]
[WhiteElo "1081"]
[BlackElo "800"]
[PlyCount "46"]
[Result "0-1"]

1.e4 c5 2.e5 Nc6 3.f4 g6 {Hablas spanhol?}  4.Bb5 
{hola  no habla espanol habla aleman& igles :-(}  
Nd4 5.Bc4 d5 6.exd6 exd6 7.Nf3 Bg4 8.h3 Bxf3 
9.gxf3 d5 10.Be2 Qh4+ 11.Kf1 O-O-O 12.c3 Nf5 
13.Kg2 Qg3+ 14.Kf1 Re8 15.d3 d4 16.c4 Be7 17.Qe1 
Bh4 18.Qxg3 Nxg3+ 19.Kg2 Rxe2+ 20.Kg1 Re1+ 21.Kg2 
Rxh1 22.Bd2 Nf6 23.b4 Re8 0-1

[Event "HCL-C4110"]
[Site "www.playchess.de"]
[Date "2006.02.02"]
[Round "4"]
[White "longino"]
[Black "Skipper_Robert"]
[WhiteElo "1138"]
[BlackElo "1007"]
[PlyCount "69"]
[Result "1-0"]

1.c4 e5 2.e3 Nc6 3.a3 f6 4.g3 Bc5 5.Bg2 Nge7 6.d3 
d6 7.Ne2 Be6 8.O-O Ng6 9.Nbc3 a6 10.d4 exd4 
11.exd4 Bxc4 12.Re1 Bb6 13.Nf4+ Nge7 14.b3 Bxd4 
15.Qc2 Qd7 16.bxc4 Na5 17.Bb2 Nxc4 18.Rab1 O-O 
19.Ba1 Nxa3 20.Qd2 c5 21.Rbc1 Nc4 22.Qa2 d5 
23.Nfxd5 Nxd5 24.Qxc4 Bxc3 25.Bxc3 Rad8 26.Ba5 
Rde8 27.Qxd5+ Qxd5 28.Bxd5+ Kh8 29.Rxe8 Rxe8 
30.Bxb7 Re7 31.Bxa6 Re6 32.Rxc5 h6 33.Bd3 f5 
34.Bxf5 Rf6 35.Rc8+ 1-0

[Event "HCL-A2570"]
[Site "www.playchess.de"]
[Date "2006.02.02"]
[Round "10"]
[White "baldrickisnotthick"]
[Black "Sizilianer"]
[WhiteElo "1700"]
[BlackElo "1700"]
[PlyCount "26"]
[Result "0-1"]

1.e4 e6 2.d4 b5 3.Bxb5 Bb7 4.f3 c5 5.Ne2 cxd4 
6.Qxd4 Na6 7.Bxa6 Bxa6 8.c4 Rc8 9.b3 Nf6 10.O-O 
Bc5 11.Ba3 Bxd4+ 12.Nxd4 Qb6 13.Rd1 
e5 0-1